Регионална библиотека "Любен Каравелов" - Русе

Отечество любезно, как хубаво си ти (Запис номер 51248)

MARC детайли
000 -Лидер
Контролно поле с фиксирана дължина 01257nam a2200301 c 4500
003 - Код на организацията, давaща контролен номер
Контролно поле BLK
005 - Дата и час на последна редакция
Контролно поле 20240625153313.0
008 - Елементи от данни с фиксирана дължина
fixed length control field 180408b bul|||||r ||||||| ||bul||
010 ## - Наследен системен номер
LC control number KNG00055150000
040 ## - Източник на каталожния запис
Идентификатор на билиотеката - собственик на записа BLK
041 ## - Код за език
Код за езика на текст/звукозапис или на отделно заглавие Български
Код за езика КДБФ Български
080 ## - УДК
Текстов определител УДК Българска литература
УДК код - определител по УДК 821.163.2
УДК определител -32
УДК - код + определител 821.163.2-32
100 1# - Редна дума - Автор
Автор Вазов, Иван Минчов
Авторска отговорност първи автор
R(LIN) 363396
139 ## - Редно поле
Редна дума Вазов, Иван Минчов
Авторски знак Вазов, Ив. - В 15
245 10 - Сведения за заглавието
Заглавие Отечество любезно, как хубаво си ти
Подзаглавни данни Разкази и пътеписи
Редно поле (дума) Иван Минчов Вазов; под ред. на Николай Янков; под ред. на Божанка Константинова.
257 ## - Страна на издаване
Страна на създаване/издаване България
260 ## - Област на издателските данни
-- София
Име на издателя, разпространителя и проч. Отечество
Година на издаване 1976
300 ## - Физическа характеристика
Страници 232 с., 1 л. портр.
Размери/Мащаб 25 см
380 ## - Жанр
Жанр Детска худож. лит.
700 1# - Други автори (авторска отговорност)
Лично име Янков, Николай
Автороска отговорност (Описва отношението между автора и произведението) под ред. на
9 (RLIN) 364665
700 1# - Други автори (авторска отговорност)
Лично име Константинова, Божанка
Автороска отговорност (Описва отношението между автора и произведението) под ред. на
9 (RLIN) 367779
852 ## - Местоположение
Форматна сигнатура Цб 122636
856 4# - Електронен адрес и достъп
Електронен формат pdf - файл
Път до файла /url/
856 4# - Електронен адрес и достъп
Електронен формат pdf - файл
Път до файла /url/
942 ## - АРТИКУЛИ
Вид на библиотечния материал Книги
Скрит в OPAC Не
Koha issues (borrowed), all copies 7
944 ## - СЪЗДАВАНЕ И РЕДАКЦИЯ на ЗАПИСА
Създаване/Редакция Създаване
Дата на регистрацията/редакция 26.08.2005
Служител, извършил регистрацията/редакцията 30576
Статус, дата на статуса Цветомила Тодорова
944 ## - СЪЗДАВАНЕ И РЕДАКЦИЯ на ЗАПИСА
Създаване/Редакция Редакция
Дата на регистрацията/редакция 14.09.2017
Служител, извършил регистрацията/редакцията Наталия_Любомирова
999 ## - СИСТЕМНИ КОНТРОЛНИ НОМЕРА
Koha biblionumber 51248
Koha biblioitemnumber 51248
Наличности
Код за отписване Код за изгубен артикул Източник на класификационната схема Код за повреда Коз за рестрикции Код за отдаване Артикулен № Име на библиотеката - собственик Име на библиотеката, в която се намира в момента Статус (Текущо местоположение) Дата на вписване в системата Местоположение - отдел Цена в лева Инвентарен номер Систематично азбучна сигнатура Баркод Номер на екземпляра Цена в евро Служебна бележка Служебен тип на артикула Бележка за публиката
  Не е изгубен Universal Decimal Classification Не е повреден без рестрикции ползва се в читалня 80777 Регионална библиотека "Любен Каравелов" Русе Регионална библиотека "Любен Каравелов" Русе Хранилище 2001-01-01 Хранилище 1.40 216914 Цб 122636 900000018051 1 0.72 Дост: Dp Вид: Д N: стар фонд Дата: 01.01.2001 Книги  
Изтеглен Не е изгубен   Не е повреден без рестрикции заемане за дома 80778 Регионална библиотека "Любен Каравелов" Русе Регионална библиотека "Любен Каравелов" Русе   2001-01-01 Детски отдел 1.40 217758 Д 886.7/В 15 217758 2 0.72 Дост: Pk Вид: Ф N: стар фонд Дата: 01.01.2001 Дата инв: 31.08.2015 Бележки инв: Д2015 Книги Отч.N: 30/2017 , Дата: 01.09.2017
  Не е изгубен Universal Decimal Classification Не е повреден без рестрикции заемане за дома 80779 Регионална библиотека "Любен Каравелов" Русе Регионална библиотека "Любен Каравелов" Русе Детски отдел 2001-01-01 Детски отдел 1.40 217759 Д 886.7/В 15 120000217759 3 0.72 Дост: Pk Вид: Ф N: стар фонд Дата: 01.01.2001 Дата инв: 03.08.2015 Бележки инв: Д2015 Книги  
Изтеглен Не е изгубен   Не е повреден без рестрикции заемане за дома 80780 Регионална библиотека "Любен Каравелов" Русе Регионална библиотека "Любен Каравелов" Русе   2001-01-01 Детски отдел 1.40 217760 Д 886.7/В 15 217760 4 0.72 Дост: Pk Вид: Ф N: стар фонд Дата: 01.01.2001 Дата инв: 31.08.2015 Бележки инв: Д2015 Книги Отч.N: 23/2017 , Дата: 09.08.2017
Изтеглен Не е изгубен   Не е повреден без рестрикции заемане за дома 80781 Регионална библиотека "Любен Каравелов" Русе Регионална библиотека "Любен Каравелов" Русе Детски отдел 2001-01-01 Детски отдел 1.40 217766 Д 886.7/В 15 217766 5 0.72 Дост: Pk Вид: Ф N: стар фонд Дата: 01.01.2001 Дата инв: 03.08.2015 Бележки инв: Д2015 Книги  
Изтеглен Не е изгубен Universal Decimal Classification Не е повреден без рестрикции заемане за дома 80782 Регионална библиотека "Любен Каравелов" Русе Регионална библиотека "Любен Каравелов" Русе Детски отдел 2001-01-01 Детски отдел 1.40 217767 Д 886.7/В 15 217767 6 0.72 Дост: Pk Вид: Ф N: стар фонд Дата: 01.01.2001 Дата инв: 03.08.2015 Бележки инв: Д2015 Книги  
Vip Innovations Ltd, Rousse, Bulgaria 2025